<?xml version="1.0" encoding="UTF-8"?>
<collection xmlns="http://www.loc.gov/MARC21/slim">
 <record>
  <leader>01110nam a22002417a 4500</leader>
  <controlfield tag="001">NCT_147687</controlfield>
  <controlfield tag="008">230406b        xxu||||| |||| 00| 0 vie d</controlfield>
  <datafield tag="999" ind1=" " ind2=" ">
   <subfield code="c">7609</subfield>
   <subfield code="d">7609</subfield>
  </datafield>
  <datafield tag="020" ind1=" " ind2=" ">
   <subfield code="c">5410000</subfield>
  </datafield>
  <datafield tag="082" ind1="0" ind2="4">
   <subfield code="2">23rd ed.</subfield>
   <subfield code="a">664</subfield>
   <subfield code="b">W324</subfield>
  </datafield>
  <datafield tag="245" ind1="0" ind2="0">
   <subfield code="a">Water activity in foods:</subfield>
   <subfield code="b">Fundamentals and applications</subfield>
   <subfield code="c">Barbosa - Cánovas, Gustavo V. ...[et al.]</subfield>
  </datafield>
  <datafield tag="250" ind1=" " ind2=" ">
   <subfield code="a">2nd ed</subfield>
  </datafield>
  <datafield tag="260" ind1=" " ind2=" ">
   <subfield code="a">Hoboken</subfield>
   <subfield code="b">Wiley</subfield>
   <subfield code="c">2020</subfield>
  </datafield>
  <datafield tag="300" ind1=" " ind2=" ">
   <subfield code="a">616 p.</subfield>
   <subfield code="b">ill.</subfield>
   <subfield code="c">26 cm</subfield>
  </datafield>
  <datafield tag="520" ind1="3" ind2=" ">
   <subfield code="a">This second edition of Water Activity in Foods furnishes those working within food manufacturing, quality control, and safety with a newly revised guide to water activity and its role in the preservation and processing of food items.</subfield>
  </datafield>
  <datafield tag="653" ind1=" " ind2=" ">
   <subfield code="a">Công nghệ Thực phẩm</subfield>
  </datafield>
  <datafield tag="700" ind1="1" ind2=" ">
   <subfield code="a">Gustavo V. Barbosa - Cánovas</subfield>
  </datafield>
  <datafield tag="700" ind1="1" ind2=" ">
   <subfield code="a">Fontana Jr, Anthony J.</subfield>
  </datafield>
  <datafield tag="700" ind1="1" ind2=" ">
   <subfield code="a">Schmidt, Shelly J.</subfield>
  </datafield>
  <datafield tag="700" ind1="1" ind2=" ">
   <subfield code="a">Labuza, Theodore P.</subfield>
  </datafield>
  <datafield tag="942" ind1=" " ind2=" ">
   <subfield code="2">ddc</subfield>
   <subfield code="c">BK</subfield>
  </datafield>
  <datafield tag="952" ind1=" " ind2=" ">
   <subfield code="0">0</subfield>
   <subfield code="1">0</subfield>
   <subfield code="2">ddc</subfield>
   <subfield code="4">0</subfield>
   <subfield code="6">664_000000000000000_W324</subfield>
   <subfield code="7">0</subfield>
   <subfield code="9">27340</subfield>
   <subfield code="a">000001</subfield>
   <subfield code="b">000001</subfield>
   <subfield code="d">2023-04-06</subfield>
   <subfield code="o">664 W324</subfield>
   <subfield code="p">MD.21092</subfield>
   <subfield code="r">2023-04-06</subfield>
   <subfield code="v">999999.99</subfield>
   <subfield code="w">2023-04-06</subfield>
   <subfield code="y">BK</subfield>
  </datafield>
  <datafield tag="980" ind1=" " ind2=" ">
   <subfield code="a">Thư viện Trường Đại học Nam Cần Thơ</subfield>
  </datafield>
 </record>
</collection>
